[Event "FSV-ch 2009"]
[Site "Dortmund"]
[Date "2009.04.16"]
[Round "3.20"]
[White "Maffei, Hendrik"]
[Black "Milonas, Georgios"]
[Result "0-1"]
[WhiteElo "1164"]
[BlackElo "1425"]
[PlyCount "76"]
[EventDate "2009.??.??"]
[SourceDate "2009.04.03"]

1. Nf3 d5 2. d4 Nf6 3. g3 Bg4 4. Bg2 c6 5. O-O e6 6. Bg5 Be7 7. Nbd2 h6 8. Bxf6
Bxf6 9. c4 O-O 10. e3 dxc4 11. Nxc4 Nd7 12. Qb3 Qc7 13. Rac1 Bf5 14. Nfd2 Nb6
15. e4 Nxc4 16. Qxc4 Bh7 17. Rfe1 Qa5 18. b4 Qb6 19. Nb3 Rad8 20. e5 Be7 21. a3
Rd7 22. Rcd1 Rfd8 23. Qc3 h5 24. Qf3 Bc2 25. Qxh5 Bxd1 26. Rxd1 g6 27. Qg4 Kg7
28. h4 Rh8 29. Rd3 Rh6 30. Be4 Rd8 31. Rf3 Rf8 32. Nc5 Bxc5 33. dxc5 Qc7 34.
Qg5 Qd8 35. Rf6 Qd1+ 36. Kg2 Qh5 37. Qf4 g5 38. hxg5 Qh1# 0-1

[Event "FSV-ch 2009"]
[Site "Dortmund"]
[Date "2009.04.16"]
[Round "3.21"]
[White "Griese, Andreas"]
[Black "Schirmer, Michael"]
[Result "0-1"]
[WhiteElo "1170"]
[BlackElo "1391"]
[PlyCount "89"]
[EventDate "2009.??.??"]
[SourceDate "2009.04.03"]

1. d4 d5 2. c4 e5 3. dxe5 d4 4. Nf3 Nc6 5. Bf4 Be6 6. e3 Bb4+ 7. Nbd2 Qd7 8.
exd4 Nxd4 9. Nxd4 Qxd4 10. Qa4+ Bd7 11. Qxb4 Qxf4 12. Qxb7 Qxe5+ 13. Qe4 Qxe4+
14. Nxe4 Bc6 15. Bd3 (15. O-O-O Bxe4 16. Re1 f5 17. f3) 15... f5 16. Nc5 g6 17.
O-O-O Bxg2 18. Rhe1+ Kf7 19. b4 Nf6 20. Rd2 Rhe8 21. Rxe8 Rxe8 22. f4 Re1+ 23.
Kc2 Ra1 24. Rxg2 Rxa2+ 25. Kb3 Rxg2 26. Ka4 c6 27. Ka5 Rxh2 28. b5 Ra2+ 29. Na4
cxb5 30. cxb5 Ra3 31. Bc4+ Ke7 32. Kb4 Rf3 33. Ka5 Rxf4 34. Bb3 Nd7 35. Ka6 Rb4
36. Bd1 Rxa4+ 37. Bxa4 Nc5+ 38. Ka5 Nxa4 39. Kxa4 f4 40. Ka5 f3 41. Ka6 f2 42.
Kxa7 f1=Q 43. b6 Qb1 44. b7 Qxb7+ 45. Kxb7 0-1

[Event "FSV-ch 2009"]
[Site "Dortmund"]
[Date "2009.04.16"]
[Round "3.22"]
[White "Kittel, Swetlana"]
[Black "Marienfeld, Udo"]
[Result "1-0"]
[WhiteElo "946"]
[BlackElo "1390"]
[PlyCount "113"]
[EventDate "2009.??.??"]
[SourceDate "2009.04.03"]

1. e4 e5 2. Nf3 Nc6 3. c3 Nf6 4. d4 exd4 5. cxd4 d5 6. e5 Ne4 7. a3 Be7 8. h3
Be6 9. Bd3 f5 10. h4 h6 11. Be3 Qd7 12. g3 O-O-O 13. Nh2 g5 14. f3 Nxg3 15. Rg1
f4 16. Bf2 gxh4 17. Qa4 Nxe5 18. Bb5 Nc6 19. Nc3 Qd6 20. Bxc6 Qxc6 21. Nb5 a6
22. Na7+ Kb8 23. Nxc6+ bxc6 24. Qxa6 Bc8 25. Qxc6 Rd6 26. Qc3 Re6+ 27. Kd1 Ba6
28. Bxg3 fxg3 29. Ng4 Bg5 30. Ne5 Rhe8 31. a4 h3 32. Rxg3 h2 33. Rh3 Bf4 34.
Ra3 Rg8 35. Rb3+ Kc8 36. Ng4 h5 37. Rxh5 Be2+ 38. Kc2 Bc4 39. Rb4 Re2+ 40. Kd1
Rge8 41. Ne5 Rd2+ 42. Ke1 Re2+ 43. Kd1 Rd2+ 44. Qxd2 Bxd2 45. Kxd2 Rg8 46. Rxh2
Re8 47. Nxc4 dxc4 48. Rxc4 c5 49. Rxc5+ Kd7 50. a5 Kd6 51. Rh6+ Kd7 52. Rb5 Kc7
53. a6 Kd7 54. Rb7+ Kc8 55. Rhh7 Rg8 56. a7 Rg2+ 57. Ke3 1-0

[Event "FSV-ch 2009"]
[Site "Dortmund"]
[Date "2009.04.16"]
[Round "3.23"]
[White "Gennat, Egon L"]
[Black "Wangrin, Stefan A"]
[Result "1-0"]
[WhiteElo "1318"]
[BlackElo "948"]
[PlyCount "85"]
[EventDate "2009.??.??"]
[SourceDate "2009.04.03"]

1. d4 d5 2. c4 Nf6 3. Nc3 Bf5 4. Nf3 e6 5. Bg5 Be7 6. e3 Ne4 7. Bxe7 Qxe7 8.
Qa4+ c6 9. cxd5 Nxc3 10. bxc3 exd5 11. Be2 O-O 12. O-O Bd7 13. Qc2 f5 14. Bd3
Rf6 15. Rab1 Bc8 16. c4 Qf7 17. cxd5 Qxd5 18. Bc4 Rg6 19. Bxd5+ Kh8 20. Qc5 Nd7
21. Qe7 h5 22. Bf7 (22. Qe8+ Kh7 23. Qg8+ Kh6 24. Qh8#) 22... Rf6 23. Ng5 (23.
Qe8+ Kh7 24. Qg8+ Kh6 25. Qh8#) 23... Rxf7 24. Qxf7 (24. Nxf7+ Kh7 25. Ng5+ Kg6
(25... Kh6 26. Ne6) 26. Qf7+ Kxg5 27. Qxg7+ Kh4 28. Qg3#) 24... Nf6 25. Rxb7
Bxb7 26. Qxb7 Rg8 27. Rc1 Ne4 28. Nf7+ Kh7 29. Qxc6 h4 30. f3 Nf6 31. Rc5 Kg6
32. Ne5+ Kh7 33. e4 Rd8 34. Qe6 fxe4 35. Qf5+ Kg8 36. fxe4 a5 37. Rc8 Rxc8 38.
Qxc8+ Kh7 39. Qf5+ Kg8 40. Qg6 a4 41. Nf3 h3 42. Ng5 a3 43. Ne6 1-0

[Event "FSV-ch 2009"]
[Site "Dortmund"]
[Date "2009.04.16"]
[Round "3.25"]
[White "Rabe, Mark"]
[Black "Bönke, Holger E"]
[Result "0-1"]
[WhiteElo "1006"]
[BlackElo "1109"]
[PlyCount "96"]
[EventDate "2009.??.??"]
[SourceDate "2009.04.03"]

1. Nf3 d5 2. d4 Nc6 3. Nc3 Bg4 4. Bf4 Bxf3 5. exf3 e5 6. dxe5 d4 7. Ne4 Qd5 8.
Nc3 Qa5 9. Qd3 dxc3 10. Qxc3 Bb4 11. Bd2 Bxc3 12. Bxc3 Qa4 13. b3 Qa3 14. Bc4
O-O-O 15. O-O Qe7 16. Rfe1 Qg5 17. e6 fxe6 18. Rxe6 Nf6 19. h3 Rhe8 20. a4 Qf5
21. Rae1 Kb8 22. Bxf6 Rxe6 23. Rxe6 Rd1+ 24. Kh2 gxf6 25. Re8+ Rd8 26. Rxd8+
Nxd8 27. Bd3 Qe5+ 28. g3 h6 29. h4 Ne6 30. Be4 Qc3 31. Kh3 Nd4 32. f4 Nxc2 33.
Kg4 Qe1 34. Bxc2 Qxf2 35. Bf5 c5 36. a5 Qe2+ 37. Kh3 Qb5 38. Kg4 Qxb3 39. a6
bxa6 40. h5 a5 41. Be4 a4 42. Kf5 a3 43. Kxf6 a2 44. Kg6 a1=Q 45. Kxh6 Qf6+ 46.
Bg6 Qbf7 47. f5 Qf8+ 48. Kh7 Q8h8# 0-1

[Event "FSV-ch 2009"]
[Site "Dortmund"]
[Date "2009.04.16"]
[Round "3.26"]
[White "Skalweit, Wolfgang"]
[Black "Skoecz, Horst"]
[Result "0-1"]
[WhiteElo "1347"]
[BlackElo "1335"]
[PlyCount "56"]
[EventDate "2009.??.??"]
[SourceDate "2009.04.03"]

1. f4 d5 2. Nf3 Nc6 3. e3 a6 4. Be2 e6 5. O-O Nf6 6. b3 d4 7. Bd3 dxe3 8. dxe3
Nb4 9. Bb2 Bc5 10. Nd4 Nfd5 11. Qe2 Nc6 12. c3 O-O 13. Rf3 e5 14. Nxc6 bxc6 15.
h3 Nxf4 16. Rxf4 exf4 17. Bxh7+ Kxh7 18. Qh5+ Kg8 19. Qxc5 fxe3 20. Qxe3 Re8
21. Qg3 Re2 22. Ba3 Bb7 23. Bc5 Qd1+ 24. Kh2 Rae8 25. Bd4 g6 26. Qh4 Rxg2+ 27.
Kxg2 c5+ 28. Kg3 cxd4 0-1

[Event "FSV-ch 2009"]
[Site "Dortmund"]
[Date "2009.04.16"]
[Round "3.27"]
[White "Strotmann, Dieter"]
[Black "Gerke, Dieter"]
[Result "0-1"]
[WhiteElo "1219"]
[BlackElo "1598"]
[PlyCount "88"]
[EventDate "2009.??.??"]
[SourceDate "2009.04.03"]

1. d4 Nf6 2. Nf3 g6 3. Bg5 Bg7 4. e3 O-O 5. Be2 c5 6. c3 Qc7 7. Nbd2 Nc6 8. Bf4
Qb6 9. Nc4 Qd8 10. Nce5 Nxe5 11. Nxe5 d6 12. Nc4 b5 13. Nd2 a6 14. Bf3 Ra7 15.
dxc5 dxc5 16. Nb3 Rd7 17. Qc2 Qb6 18. O-O a5 19. Rad1 a4 20. Nc1 Bb7 21. Bxb7
Qxb7 22. Rxd7 Qxd7 23. Rd1 Qg4 24. h3 Qe6 25. Qe2 c4 26. f3 Nd5 27. Qd2 Nxf4
28. exf4 Qb6+ 29. Kh1 Bf6 30. Ne2 e6 31. Qe1 Qe3 32. Kh2 e5 33. fxe5 Bxe5+ 34.
Ng3 Qf4 35. Rd5 Bc7 36. Rd4 Qg5 37. Rg4 Qf6 38. Kh1 Qd6 39. f4 Rd8 40. Nf5 Qd2
41. Qxd2 Rxd2 42. h4 h5 43. Rg5 Bxf4 44. Ne7+ Kf8 0-1

[Event "FSV-ch 2009"]
[Site "Dortmund"]
[Date "2009.04.16"]
[Round "3.28"]
[White "Grüneberg, Ingo"]
[Black "Kirmes, Hans-Uwe"]
[Result "1/2-1/2"]
[WhiteElo "1176"]
[BlackElo "1389"]
[PlyCount "91"]
[EventDate "2009.??.??"]
[SourceDate "2009.04.03"]

1. c4 c6 2. Nc3 Nf6 3. d4 d5 4. cxd5 cxd5 5. Nf3 e6 6. Bf4 Nc6 7. e3 a6 8. Bd3
Nb4 9. Be2 Bd7 10. Ne5 Bd6 11. Nxf7 Kxf7 12. Bxd6 Nc6 13. O-O Qb6 14. Na4 Qd8
15. Bd3 Nxd4 16. exd4 Bxa4 17. Qxa4 Qxd6 18. h3 Rac8 19. Rac1 b5 20. Qd1 Rc7
21. Rxc7+ Qxc7 22. Qc1 Rc8 23. Qe3 h6 24. f4 Qc6 25. f5 Ne4 26. Qf4 Nf6 27. Qe5
Re8 28. fxe6+ Qxe6 29. Qh5+ Kg8 30. Qf3 Qe3+ 31. Qxe3 Rxe3 32. Rf3 Rxf3 33.
gxf3 Nh5 34. Bf5 Kf7 35. Kf2 g6 36. Bd7 Nf6 37. Bc6 Ke7 38. b4 Kd6 39. Bb7 Nh5
40. Bxa6 Kc6 41. Bc8 Nf4 42. Ke3 Ng2+ 43. Kd2 g5 44. Bf5 h5 45. Bg6 Nf4 46. Bf5
1/2-1/2

[Event "FSV-ch 2009"]
[Site "Dortmund"]
[Date "2009.04.16"]
[Round "3.29"]
[White "Schaefer, Ulrich"]
[Black "Hast, Stefan"]
[Result "1-0"]
[WhiteElo "1328"]
[BlackElo "1185"]
[PlyCount "65"]
[EventDate "2009.??.??"]
[SourceDate "2009.04.03"]

1. e4 d5 2. exd5 Qxd5 3. Nc3 Qa5 4. d4 Nf6 5. Bd2 c6 6. Ne4 Qf5 7. Nxf6+ Qxf6
8. c3 Bf5 9. Nf3 Qe6+ 10. Be2 Qc8 11. O-O Nd7 12. Bc4 e6 13. Re1 Bd6 14. Nh4
Bg6 15. Qg4 Nf6 16. Qh3 Be4 17. Bg5 Bd5 18. Bxd5 cxd5 19. Nf5 Kd7 20. Nxd6 Kxd6
21. Bf4+ Kd7 22. Re5 Qc6 23. Rc1 Ne4 24. Qg4 g5 25. Be3 h5 26. Qf3 f6 27. Rxe4
dxe4 28. Qxf6 g4 29. Qg7+ Kd6 30. c4 Raf8 31. g3 Rhg8 32. c5+ Kd5 33. Qe5# 1-0

[Event "FSV-ch 2009"]
[Site "Dortmund"]
[Date "2009.04.23"]
[Round "4.1"]
[White "Begna, Bozidar"]
[Black "Morawietz, Manuel"]
[Result "1/2-1/2"]
[WhiteElo "1933"]
[BlackElo "1783"]
[PlyCount "52"]
[EventDate "2009.??.??"]
[SourceDate "2009.04.03"]

1. Nf3 d5 2. c4 c6 3. Qc2 g6 4. g3 Bg7 5. Bg2 e5 6. d3 Ne7 7. Bg5 f6 8. Bd2 Be6
9. Na3 Nd7 10. cxd5 Nxd5 11. e4 N5b6 12. d4 O-O 13. Bb4 Rf7 14. dxe5 Nxe5 15.
Nxe5 fxe5 16. Rd1 Rd7 {(=)} 17. O-O Qe8 18. Rxd7 Qxd7 19. Rd1 Qf7 20. b3 Bf8
21. Bd6 Bxd6 22. Rxd6 Qe7 23. Qd2 Bd5 24. Qb4 Be6 25. Nc2 c5 26. Qd2 c4 {(=)}
1/2-1/2

[Event "FSV-ch 2009"]
[Site "Dortmund"]
[Date "2009.04.23"]
[Round "4.2"]
[White "Wickenfeld, Stefan"]
[Black "Barth, Hans-Joachim"]
[Result "1-0"]
[WhiteElo "1833"]
[BlackElo "1766"]
[PlyCount "43"]
[EventDate "2009.??.??"]
[SourceDate "2009.04.03"]

1. e4 g6 2. d3 d5 3. Nd2 Bg7 4. g3 c5 5. Bg2 Nf6 6. Ngf3 Nc6 7. O-O O-O 8. c3
Re8 9. Re1 Rb8 10. a4 a5 11. Qc2 b6 12. Nf1 h6 13. h3 Be6 14. g4 Qd7 15. Ng3
Rbd8 16. Kh2 d4 17. Bf1 Qd6 18. g5 hxg5 19. Nxg5 Bc8 20. Bd2 Nd7 21. Be2 f6 22.
Qb3+ {Statt nun das einzige, aber ausreichende 22...e6 zu spielen, sieht
Schwarz "Gespenster" und gibt in leicht besserer Stellung auf ...} 1-0

[Event "FSV-ch 2009"]
[Site "Dortmund"]
[Date "2009.04.23"]
[Round "4.3"]
[White "Jost, Udo"]
[Black "Sonntag, Joachim"]
[Result "0-1"]
[WhiteElo "1802"]
[BlackElo "1760"]
[PlyCount "50"]
[EventDate "2009.??.??"]
[SourceDate "2009.04.03"]

1. c4 e5 2. Nc3 Nf6 3. a3 a5 4. e3 d5 5. cxd5 Nxd5 6. Qa4+ c6 7. Qe4 Qd6 8. d4
Nd7 9. Nf3 N5f6 10. Qc2 Be7 11. Bc4 O-O 12. Ba2 b5 13. Ne2 c5 14. Ng5 Bb7 15.
dxe5 Nxe5 16. Nf4 c4 17. Bb1 Rfd8 18. O-O h6 19. h4 hxg5 20. hxg5 Ne4 21. Nh3
Nd3 22. f4 Ng3 23. Rf2 Be4 24. Rd2 Qb6 25. Rxd3 Bxd3 0-1

[Event "FSV-ch 2009"]
[Site "Dortmund"]
[Date "2009.04.23"]
[Round "4.4"]
[White "Stukemeier, Ralf"]
[Black "Hillebrand, Carsten"]
[Result "1/2-1/2"]
[WhiteElo "1781"]
[BlackElo "1874"]
[PlyCount "55"]
[EventDate "2009.??.??"]
[SourceDate "2009.04.03"]

1. e4 c5 2. Nf3 d6 3. d4 cxd4 4. Nxd4 Nf6 5. Nc3 a6 6. Be3 e5 7. Nb3 Be7 8. f3
Be6 9. Qd2 Nbd7 10. O-O-O O-O 11. Kb1 b5 12. g4 b4 13. Nd5 Bxd5 14. exd5 a5 15.
h4 Nb6 16. Bxb6 Qxb6 17. Bd3 Nd7 18. Bf5 Nc5 19. Nxc5 Qxc5 20. g5 Ra7 21. h5
Qd4 22. Qxd4 exd4 23. g6 Kh8 24. gxh7 Bf6 25. Rdg1 Re7 26. f4 Rfe8 27. Bd3 Re3
28. Kc1 1/2-1/2

[Event "FSV-ch 2009"]
[Site "Dortmund"]
[Date "2009.04.23"]
[Round "4.5"]
[White "Lindam, Ingo"]
[Black "Volmer, Martin"]
[Result "1-0"]
[WhiteElo "2055"]
[BlackElo "1597"]
[PlyCount "27"]
[EventDate "2009.??.??"]
[SourceDate "2009.04.03"]

1. d4 Nf6 2. Bg5 e6 3. e4 Be7 4. Bd3 b6 5. Bxf6 Bxf6 6. e5 Be7 7. Qg4 g6 8. h4
h5 9. Qf4 Bb7 10. Nf3 Na6 11. c3 c5 12. d5 exd5 13. e6 f5 14. Ne5 $6 (14. Ne5
Bd6 $5 15. Qg3 (15. exd7+ $6 Qxd7 $1) 15... Bxe5 16. Qxe5 $14) (14. Qg3 $142 $1
$16) 1-0

[Event "FSV-ch 2009"]
[Site "Dortmund"]
[Date "2009.04.23"]
[Round "4.6"]
[White "Zelt, Jens"]
[Black "Weischer, Wolfgang"]
[Result "1-0"]
[WhiteElo "2026"]
[BlackElo "1578"]
[PlyCount "78"]
[EventDate "2009.??.??"]
[SourceDate "2009.04.03"]

1. d4 Nf6 2. Nf3 d5 3. Bf4 e6 4. c3 c5 5. e3 Be7 6. Nbd2 Nh5 7. Bg3 c4 8. Ne5
Nf6 9. Qc2 Nc6 10. e4 Bd7 11. Nef3 b5 12. Be2 b4 13. Ng5 h6 14. Nh3 a5 15. O-O
a4 16. exd5 exd5 17. Nf4 O-O 18. Bf3 Be6 19. Nxe6 fxe6 20. Nxc4 Rc8 21. Qxa4
bxc3 22. bxc3 Nxd4 23. cxd4 Rxc4 24. Qa6 Qd7 25. Rfe1 Rc6 26. Qb5 Rfc8 27. a4
Qa7 28. Red1 Rb6 29. Qd3 Ra6 30. Qb3 Rb6 31. Qe3 Nh7 32. Bg4 Nf8 33. h3 Rcc6
34. Be2 Qb7 35. Bb5 Bg5 36. Qd3 Rc8 37. Rdb1 Qa8 38. a5 Rb7 39. Bd6 Ra7 {
und Schwarz ueberschritt die Zeit ...} 1-0

[Event "FSV-ch 2009"]
[Site "Dortmund"]
[Date "2009.04.23"]
[Round "4.7"]
[White "Raskin, Vitali"]
[Black "Lauche, Christoph"]
[Result "0-1"]
[WhiteElo "1626"]
[BlackElo "1927"]
[PlyCount "74"]
[EventDate "2009.??.??"]
[SourceDate "2009.04.03"]

1. d4 f5 2. c4 Nf6 3. Nf3 g6 4. Nc3 Bg7 5. d5 O-O 6. e3 Qe8 7. Be2 e5 8. O-O d6
9. Nb5 Qe7 10. Ng5 a6 11. Qa4 Nfd7 12. Ne6 Nb6 13. Qb3 Bxe6 14. Nxc7 Qxc7 15.
dxe6 Kh8 16. Bd2 Nc6 17. h4 Nc8 18. h5 N8e7 19. Rac1 Rf6 20. g4 fxg4 21. Bxg4
gxh5 22. Bh3 Nf5 23. Qd3 Nce7 24. e4 Nd4 25. Kh1 Rf3 26. Be3 Rxh3+ 27. Kg2 Rh4
28. f3 Bf6 29. Kf2 Rh2+ 30. Ke1 Qa5+ 31. Bd2 Qxa2 32. Bc3 Re2+ 33. Qxe2 Nxe2
34. Kxe2 Qxc4+ 35. Kf2 Bh4+ 36. Kg2 Rg8+ 37. Kh1 Qe2 0-1

[Event "FSV-ch 2009"]
[Site "Dortmund"]
[Date "2009.04.23"]
[Round "4.9"]
[White "Rzoczek, Christoph"]
[Black "Geelhaar, Thorsten"]
[Result "0-1"]
[WhiteElo "1609"]
[BlackElo "1757"]
[PlyCount "100"]
[EventDate "2009.??.??"]
[SourceDate "2009.04.03"]

1. d4 Nf6 2. c4 e6 3. Nc3 Bb4 4. a3 Bxc3+ 5. bxc3 b6 6. Nf3 Ba6 7. Qa4 O-O 8.
Bg5 h6 9. Bh4 g5 10. Bg3 Ne4 11. Rc1 d6 12. e3 h5 13. h4 Nxg3 14. fxg3 g4 15.
Ng5 Qd7 16. Qc2 f5 17. Bd3 d5 18. cxd5 Bxd3 19. Qxd3 Qxd5 20. O-O Nd7 21. c4
Qd6 22. Kh2 c5 23. Rcd1 cxd4 24. Qxd4 $2 {Strategisch falsch! Die weissen
Aussichten wachsen gewaltig, wenn die Damen auf dem Brett bleiben.} (24. exd4
$1 {zum Beispiel} 24... Rf6 25. d5 $1 Nc5 26. Qc2 {
und Weiss steht bereits auf Gewinn!}) 24... Qxd4 25. exd4 e5 26. dxe5 Nxe5 27.
Rd6 Rac8 28. Rh6 Rxc4 29. Rxh5 f4 30. Ne6 fxg3+ 31. Kg1 Rxf1+ 32. Kxf1 Re4 33.
Rh7 Nd3 34. Re7 Kh8 35. Rh7+ Kxh7 36. Ng5+ Kg6 37. Nxe4 Kh5 38. Nxg3+ Kxh4 39.
Nf5+ Kg5 40. Ng3 Kf4 41. Nh5+ Ke3 42. Nf6 Ne5 43. Ke1 b5 44. Kd1 Kd3 45. Nd5
Nc4 46. Nf4+ Kc3 47. Ne2+ Kb2 48. a4 bxa4 49. Nf4 a3 50. Nd3+ Kb1 0-1

[Event "FSV-ch 2009"]
[Site "Dortmund"]
[Date "2009.04.23"]
[Round "4.10"]
[White "Lemke, Philipp"]
[Black "Tautz, Eugen"]
[Result "1/2-1/2"]
[WhiteElo "1755"]
[BlackElo "1419"]
[PlyCount "174"]
[EventDate "2009.??.??"]
[SourceDate "2009.04.03"]

1. e4 e5 2. Nf3 Nc6 3. Bc4 Nf6 4. d4 exd4 5. O-O d6 6. Ng5 Ne5 7. Qxd4 Nxc4 8.
Qxc4 Qe7 9. Nc3 h6 10. Nf3 Be6 11. Qd4 c5 12. Qd3 Qd7 13. h3 Be7 14. Bf4 a6 15.
Rad1 Rd8 16. Qe3 Qc6 17. Rfe1 O-O 18. Bxh6 gxh6 19. Qxh6 Nh7 20. Re3 Kh8 21.
Nd5 Qd7 22. Nf4 Rg8 23. Ne5 Bg5 24. Qh5 Qe8 25. Ng4 Bxg4 26. Qxg4 Qd7 27. Qf3
Bxf4 28. Qxf4 Qe6 29. Rd5 Rg7 30. Red3 Rg6 31. e5 Rdg8 32. g3 Qxh3 33. exd6 Rh6
34. Qf3 Qd7 35. Rxc5 Rxd6 36. Rxd6 Qxd6 37. Rh5 Qe7 38. Kf1 Rg6 39. Rh4 Re6 40.
Qh5 f6 41. Qf5 b5 42. Rxh7+ Qxh7 43. Qxe6 Qxc2 44. Qxf6+ Kh7 45. a3 Qd1+ 46.
Kg2 Qd5+ 47. f3 Qd2+ 48. Kh3 Qd7+ 49. Kh4 Qd1 50. g4 Qe1+ 51. Kh5 Qh1+ 52. Kg5
Qc1+ 53. f4 Kg8 54. Kg6 Qc2+ 55. f5 Qc7 56. Qe6+ Kf8 57. f6 Qc2+ 58. Qf5 Qc7
59. f7 Qd6+ 60. Kg5 Qd2+ 61. Kf6 Qxb2+ 62. Qe5 Qf2+ 63. Qf5 Qb2+ 64. Kg6 Qg7+
65. Kh5 Qh8+ 66. Kg5 Qg7+ 67. Kf4 Qd4+ 68. Kg5 Qg7+ 69. Kh4 Qh6+ 70. Qh5 Qf6+
71. g5 Qf2+ 72. Kh3 Qe3+ 73. Kg2 Qd2+ 74. Kf1 Qc1+ 75. Ke2 Qc2+ 76. Ke3 Qc3+
77. Ke4 Qc4+ 78. Ke5 Qc5+ 79. Ke6 Qc6+ 80. Kf5 Qd5+ 81. Kf4 Qd4+ 82. Kf5 Qd5+
83. Kf6 Qd6+ 84. Kf5 Qd5+ 85. Kf6 Qd6+ 86. Kf5 Qd5+ 87. Kf4 Qd4+ 1/2-1/2

[Event "FSV-ch 2009"]
[Site "Dortmund"]
[Date "2009.04.23"]
[Round "4.11"]
[White "Milonas, Georgios"]
[Black "Behler, Nils"]
[Result "0-1"]
[WhiteElo "1425"]
[BlackElo "1741"]
[PlyCount "36"]
[EventDate "2009.??.??"]
[SourceDate "2009.04.03"]

1. e4 e5 2. Nf3 Nc6 3. Bb5 Nf6 4. O-O d6 5. Re1 Bg4 6. c3 Be7 7. d4 exd4 8.
cxd4 O-O 9. Nc3 Nb8 10. Bg5 c6 11. Be2 Nbd7 12. Qd2 Re8 13. h3 Bh5 14. e5 dxe5
15. Nxe5 Nxe5 16. Bxh5 Nxh5 17. Bxe7 Rxe7 18. Qg5 Nf3+ 0-1

[Event "FSV-ch 2009"]
[Site "Dortmund"]
[Date "2009.04.23"]
[Round "4.12"]
[White "Bommert, Christian"]
[Black "Schirmer, Michael"]
[Result "1-0"]
[WhiteElo "1656"]
[BlackElo "1391"]
[PlyCount "113"]
[EventDate "2009.??.??"]
[SourceDate "2009.04.03"]

1. f4 g6 2. g3 Bg7 3. Nf3 Nf6 4. Bg2 c6 5. O-O d5 6. d3 O-O 7. c3 Bf5 8. Nh4
Bg4 9. h3 Bh5 10. g4 Nxg4 11. hxg4 Bxg4 12. Qe1 Bf6 13. Nf3 e6 14. Be3 h5 15.
Qg3 Kg7 16. Nbd2 Nd7 17. Bd4 Rh8 18. Rae1 c5 19. Bxf6+ Nxf6 20. e4 dxe4 21.
dxe4 Qd3 22. Qf2 Rad8 23. Qe3 h4 24. Rf2 h3 25. Bf1 Qxe3 26. Rxe3 Bxf3 27.
Rexf3 Ng4 28. Re2 h2+ 29. Kh1 Rh4 30. Rh3 Rdh8 31. Rxh4 Rxh4 32. f5 exf5 33.
exf5 gxf5 34. Nf3 Rh6 35. Nxh2 Kf6 36. Kg1 Nxh2 37. Rxh2 Rxh2 38. Kxh2 Ke5 39.
Kg3 Ke4 40. Kf2 b6 41. Ba6 f4 42. Ke2 Kf5 43. Kf3 Kg5 44. a4 Kf5 45. b3 Kg5 46.
Bc8 a5 47. Bd7 Kf6 48. Kxf4 Ke7 49. Bh3 Kd6 50. Kf5 Ke7 51. Bg2 Kd6 52. Kf6 c4
53. b4 axb4 54. cxb4 c3 55. Be4 c2 56. Bxc2 Kd5 57. a5 1-0

[Event "FSV-ch 2009"]
[Site "Dortmund"]
[Date "2009.04.23"]
[Round "4.13"]
[White "Gennat, Egon L"]
[Black "Vöpel, Karl-Heinz"]
[Result "1-0"]
[WhiteElo "1318"]
[BlackElo "1635"]
[PlyCount "97"]
[EventDate "2009.??.??"]
[SourceDate "2009.04.03"]

1. d4 Nf6 2. c4 c5 3. d5 b5 4. cxb5 a6 5. Nc3 d6 6. e4 Nbd7 7. Nf3 g6 8. Be2
Bg7 9. Qc2 O-O 10. O-O axb5 11. Bxb5 Ba6 12. Nd2 Bxb5 13. Nxb5 Qa5 14. Na3 Ng4
15. h3 Ngf6 16. Nac4 Qa6 17. Re1 Rfb8 18. Re3 Rb4 19. Ra3 Ra4 20. Qxa4 Qxa4 21.
Rxa4 Rxa4 22. b3 Ne8 23. e5 Ra6 24. Bb2 Nxe5 25. Nxe5 dxe5 26. Ne4 Ra5 27. a4
Nd6 28. Bc3 Ra8 29. Nxc5 Rc8 30. Bb4 e4 31. Rb1 Bd4 32. Na6 Rc2 33. Be1 f5 34.
Nb4 Rc5 35. Nc6 Bf6 36. a5 Nb5 37. Bb4 Rxd5 38. Bxe7 Bc3 39. a6 Kf7 40. b4 Rd7
41. Bc5 Rc7 42. a7 Rc8 43. Rd1 Bf6 44. Rd7+ Kg8 45. Ne7+ Bxe7 46. Rxe7 Ra8 47.
Rb7 Nxa7 48. Rxa7 Rb8 49. Kf1 1-0

[Event "FSV-ch 2009"]
[Site "Dortmund"]
[Date "2009.04.23"]
[Round "4.15"]
[White "Dite, Alexander"]
[Black "Fahle, Karl-Wilhelm"]
[Result "1-0"]
[WhiteElo "1578"]
[BlackElo "1201"]
[PlyCount "67"]
[EventDate "2009.??.??"]
[SourceDate "2009.04.03"]

1. d4 Nf6 2. c4 c5 3. d5 e5 4. dxe6 fxe6 5. g3 Nc6 6. Nf3 d5 7. cxd5 Nxd5 8.
Bg2 Be7 9. O-O O-O 10. a3 b6 11. Qc2 Bb7 12. Rd1 Qc7 13. Bg5 Bf6 14. Bxf6 Rxf6
15. Nc3 Nce7 16. Ne4 Rg6 17. Rd2 Nf6 18. Nxf6+ gxf6 19. Rad1 Bc6 20. Nh4 Rg7
21. Bxc6 Nxc6 22. Qe4 Re8 23. e3 Ne5 24. Ng2 Rd7 25. Rxd7 Nxd7 26. Qd3 Rd8 27.
Nf4 Qc6 28. Qd6 Qe4 29. Nxe6 Re8 30. Nf4 Re7 31. Nd5 Kf7 32. Nxe7 Qxe7 33. Qxd7
Qxd7 34. Rxd7+ 1-0

[Event "FSV-ch 2009"]
[Site "Dortmund"]
[Date "2009.04.23"]
[Round "4.16"]
[White "Reinacher, Detlev"]
[Black "Vogt, Christian"]
[Result "0-1"]
[WhiteElo "1567"]
[BlackElo "1146"]
[PlyCount "62"]
[EventDate "2009.??.??"]
[SourceDate "2009.04.03"]

1. d4 d5 2. c4 c6 3. Nc3 Nf6 4. Nf3 e6 5. e3 Nbd7 6. a3 dxc4 7. Bxc4 b5 8. Bd3
a6 9. O-O c5 10. b3 Be7 11. Bb2 O-O 12. Ne4 Bb7 13. Nfd2 cxd4 14. Bxd4 e5 15.
Bb2 Nb6 16. Qe2 Nxe4 17. Nxe4 f5 18. Ng3 e4 19. Bc2 Bf6 20. Rfd1 Nd5 21. Bd4
Bxd4 22. Rxd4 Qf6 23. Qd2 Rac8 24. Nxe4 fxe4 25. Bxe4 Ba8 26. Bxd5+ Bxd5 27.
Rd1 Bxb3 28. Rd6 Qf5 29. Rc1 Rxc1+ 30. Qxc1 Qxf2+ 31. Kh1 Qf1+ 0-1

[Event "FSV-ch 2009"]
[Site "Dortmund"]
[Date "2009.04.23"]
[Round "4.17"]
[White "Skoecz, Horst"]
[Black "Bönke, Holger E"]
[Result "0-1"]
[WhiteElo "1335"]
[BlackElo "1109"]
[PlyCount "60"]
[EventDate "2009.??.??"]
[SourceDate "2009.04.03"]

1. e4 e6 2. d4 d5 3. e5 c5 4. Nf3 Nc6 5. c3 Qb6 6. Qd3 cxd4 7. Qb5 dxc3 8. Qxb6
axb6 9. bxc3 Nge7 10. Be3 Ng6 11. Bb5 Bd7 12. Bxc6 Bxc6 13. Bxb6 Ba3 14. Nbd2
Bb2 15. Rb1 Bxc3 16. Bc7 Rxa2 17. h4 d4 18. Kd1 Nf4 19. Rh2 d3 20. g3 Ba4+ 21.
Ke1 Bc2 22. Rc1 Bb2 23. gxf4 Bxc1 24. Nc4 O-O 25. Kf1 Rc8 26. Bd6 Rxc4 27. Rg2
d2 28. Nxd2 Bxd2 29. Rg3 Be4 30. f3 Rc1+ 0-1

[Event "FSV-ch 2009"]
[Site "Dortmund"]
[Date "2009.04.23"]
[Round "4.18"]
[White "Raabe, Hans-Ulrich"]
[Black "Krüger, Inge"]
[Result "1/2-1/2"]
[WhiteElo "1520"]
[BlackElo "1336"]
[PlyCount "94"]
[EventDate "2009.??.??"]
[SourceDate "2009.04.03"]

1. e4 e6 2. d4 d5 3. Nc3 Nf6 4. Bg5 Be7 5. e5 Nfd7 6. Bxe7 Qxe7 7. Nf3 O-O 8.
Qd2 h6 9. O-O-O b6 10. h4 c5 11. dxc5 bxc5 12. Nxd5 exd5 13. Qxd5 Nb6 14. Qd3
Be6 15. Kb1 Nc6 16. Qe4 Nb4 17. a3 Bd5 18. Qf4 Nc6 19. Re1 Rad8 20. Bd3 Be6 21.
Qe4 g6 22. Qxc6 Bd5 23. Qb5 c4 24. Be4 Bxe4 25. Rxe4 Rd5 26. Qb4 Qd7 27. Rhe1
Rd8 28. e6 fxe6 29. Rxe6 Rd1+ 30. Ka2 Rxe1 31. Rxe1 Qd5 32. Qc3 Na4 33. Qe5 c3+
34. Qxd5+ Rxd5 35. bxc3 Nxc3+ 36. Kb3 Rc5 37. Re5 Rc7 38. Nd4 Nd1 39. f4 Rb7+
40. Kc4 Nb2+ 41. Kc3 Na4+ 42. Kd3 Nb2+ 43. Kc3 Na4+ 44. Kc4 Nb2+ 45. Kc5 Na4+
46. Kc6 Rf7 47. g3 Nb6 1/2-1/2